000 00432nam a2200181Ia 4500
001 23622
005 20260414150949.0
008 260414t2011||||xx |||||||||||||| ||spa||
041 _aESP
082 _a670.427
_bB24
100 _aBarbado Santana, José A.
_eAUT
245 0 _aAutomatismos industriales
_b
260 _c2011
300 _a278 páginas :
_c26 cm.
650 _aTCA
654 _aCII
942 _cLIB
_dJUS
_fJUS
_2ddc
_n
999 _c23622
_d23622